000 00589nas a2200217 4500
001 BR9605151
003 BR-BrBNA
005 20231205094908.0
007 ta
008 230509b bl.|||p| |||| 00| 00por d
040 _aBR-BrBNA
_bpor
_cBiblioteca Nacional de Agricultura
041 _a(Pt)
072 _aF01
100 1 _aDomingues, R.C.
245 1 _aCuringas do jardim
650 _aLythraceae
650 _aJardinagem
773 0 _tNatureza (Brazil)
_xISSN 0104-3609
_g(Apr 1996), v. 9(3) p. 40-43
_wBR9605151
909 _a202311
_bLúcia
_c55
_dLúcia Elande
942 _2AGRIS
_n0
_cANA
999 _c147595
_d147595